|
|
|
|
| LEADER |
00679nta a2200193 i 4500 |
| 001 |
dipl118131 |
| 005 |
20210830124056.0 |
| 008 |
210827s2004 hu om 0|| hun d |
| 040 |
|
|
|a SZTE Diploma Repozitórium
|b hun
|
| 041 |
|
|
|a hun
|
| 100 |
2 |
|
|a Vida-Szűcs Istvánné
|
| 245 |
1 |
0 |
|a Örökbefogadás elmélete és gyakorlata
|h [elektronikus dokumentum] :
|b az örökbefogadás dilemmái. /
|c Istvánné Vida-Szűcs
|
| 260 |
|
|
|c 2004
|
| 650 |
|
4 |
|a Pedagógusképzés
|
| 650 |
|
4 |
|a Social sciences
|
| 650 |
|
4 |
|a Sociology
|
| 650 |
|
4 |
|a Sociology
|
| 700 |
1 |
|
|a Szuromi István
|e ths
|
| 856 |
4 |
0 |
|u http://diploma.bibl.u-szeged.hu/id/eprint/118131/1/2004_vida_szucs_istvanne.pdf
|z Dokumentum-elérés
|